000 00945pam a2200265 a 4500
001 4431260
003 OSt
005 20160718181045.0
008 940125s1995 ilua b 001 0 eng
010 _a 94001643
020 _a0873226992
040 _aDLC
_cDLC
_dDLC
082 _a613.7
_bVIC 1995
100 1 _aVincent, William J.
_910277
245 1 0 _aStatistics in kinesiology /
_cWilliam J. Vincent.
260 _aChampaign, IL :
_bHuman Kinetics,
_c1995.
300 _axiv, 257 p. :
_bill. ;
_c23 cm.
504 _aIncludes bibliographical references (p. 249-250) and index.
650 0 _aKinesiology
_xStatistical methods.
_910278
650 0 _aStatistics.
_91274
650 0 _aKinesiology
_xResearch
_xMethodology.
_910279
906 _a7
_bcbc
_corignew
_d1
_eocip
_f19
_gy-gencatlg
942 _2z
_cO_SHELF
999 _c4775
_d4775